00477nam a2200169Ia 450000500170000000800410001702000180005804000190007604100120009508200110010710000150011824500830013326000460021630000090026265000260027185000100029720231122110229.0131103s9999 xx 000 0 und d a0-491-02374-x aLoreto College aEnglish aFbWAU aWaugh,Alec 4aThe best wine lastb an autobiography through the years 1932-1969 cAlec Waugh aLondonbA Howard & Wyandham Companyc1978 a317p aEnglish Autoniography aLCLIB